Score 0/10 Timer 01:00
1 Play Today
% Correct
Center
96.9%
Eighty
96.9%
Leagues
96.9%
Earth
94.9%
Mysterious
94.9%
Balloon
94.3%
Antarctic
89.6%
Michael
82.2%
Comet
81.9%
Master
79.9%

Today's Daily Dose

Remove Ads.
Support Sporcle.
Get the best of Sporcle when you Go Orange. This ad-free experience offers more features, more stats, and more fun while also helping to support Sporcle. Thank you for becoming a member.

You're not logged in!

Compare scores with friends on all Sporcle quizzes.
OR
Log In

Show Comments

Extras

Top Quizzes Today


Score Distribution

Your Account Isn't Verified!

In order to create a playlist on Sporcle, you need to verify the email address you used during registration. Go to your Sporcle Settings to finish the process.

Report this User

Report this user for behavior that violates our Community Guidelines.

Details: